Η διεθνής διάσταση της διοργάνωσης ολυμπιακών αγώνων : η περίπτωση της Ελλάδας : πτυχιακή εργασία
Αποθηκεύτηκε σε:
| Κύριος συγγραφέας: | |
|---|---|
| Συγγραφή απο Οργανισμό/Αρχή: | |
| Άλλοι συγγραφείς: | |
| Μορφή: | Thesis Βιβλίο |
| Γλώσσα: | Greek |
| Δημοσίευση: |
2008
|
| Θέματα: | |
| Διαθέσιμο Online: | http://hdl.handle.net/11610/7860 |
| Ετικέτες: |
Προσθήκη ετικέτας
Δεν υπάρχουν, Καταχωρήστε ετικέτα πρώτοι!
|
MARC
| LEADER | 00000cam a2200000 i 4500 | ||
|---|---|---|---|
| 001 | 1/1961 | ||
| 008 | 091012s2008 gre d | ||
| 035 | |l 10105803 | ||
| 040 | |a GR-MY-UA |b gre |e aacr | ||
| 041 | 0 | |a gre | |
| 082 | 0 | |a 796.42 |2 (22) | |
| 100 | 1 | |a Βαμβουρέλλης, Δημήτρης. | |
| 245 | 1 | 2 | |a Η διεθνής διάσταση της διοργάνωσης ολυμπιακών αγώνων : |b η περίπτωση της Ελλάδας : πτυχιακή εργασία / |c επιμέλεια: Βαμβουρέλλης Δημήτρης ; επιβλέπων καθηγητής: Παναγιώτης Γρηγορίου |
| 260 | |c 2008 | ||
| 300 | |a 67 σ.; |c 30 εκ. | ||
| 502 | # | # | |a Πτυχιακή εργασία – Πανεπιστήμιο Αιγαίου, Λέσβος, 2008. |
| 650 | 0 | 0 | |a Olympics |x Political aspects. |
| 650 | 0 | 0 | |a Olympics |x Social aspects. |
| 650 | 0 | 0 | |a Olympics |x Planning. |
| 650 | 0 | 0 | |a Dissertations, Academic |z Greece. |
| 700 | 1 | |4 ths |a Γρηγορίου, Παναγιώτης Γ. | |
| 710 | 2 | |a Πανεπιστήμιο Αιγαίου |b Σχολή Κοινωνικών Επιστημών |b Τμήμα Κοινωνιολογίας. | |
| 852 | |a INST |b LESVOS |c DIATR |e 20091012 |h 333 |p 005100046290 |q 005100046290 |t DIE |y 23 | ||
| 852 | |a INST |b LESVOS |c DIATR |e 20091012 |h 334 |p 005100046291 |q 005100046291 |t DIE |y 23 | ||
| 856 | |u http://hdl.handle.net/11610/7860 | ||
| 901 | |a BIBL1-2009-3 | ||
| 909 | |a Λ |b 159462 | ||
| 909 | |a Λ |b 159463 | ||
| 924 | |a ΒΑΜΒΟΥΡΕΛΛΗΣ |b ΔΗΜΗΤΡΗΣ |y ΛΕΣΒΟΣ |z 2009-05 | ||
| 970 | |a ΤΖΑΦΕΡΗ |b ΕΥΑΓΓΕΛΙΑ |z 2009/10/12 | ||